000 nam a22 a 4500
999 _c150027
_d150027
003 BLK
005 20211005151121.0
008 180410b bul|||||r ||||||| ||bul||
010 _aKNG00156337000
040 _aBLK
041 _aBUL
_cBUL
080 _aНовогръцка литература
_b821.146
_x-93-32
_z821.146-93-32
100 1 _aПеонидис, Панос
_eпърви автор
_9108502
139 _aПеонидис, Панос
245 1 0 _aВетрове от юг
_bРазкази : За средна и горна училищна възраст
_cПанос Пеонидис; худож. Веса Василева.
257 _aGRE
260 _bНар. младеж
_c1957
_fСофия : ДПК Д. Благоев
_aСофия
300 _a79 с.
_bс ил.
_c19 см
380 _aDX
500 _a4 000 тир.
653 _aразкази
653 _aлитература за деца
653 _aдетска литература
700 1 _aВасилева, Веса
_eхудож.
_9379490
852 _aЦб 4870
_bО
942 _cKNG
_n0
_s1
944 _aCR
_c05.02.2014
_lф / 05.02.2014
_kЛюдмила_Стоянова
944 _aED
_c20.09.2017
_lф / 05.02.2014
_kВася_Ганчева
944 _aED
_c2021-10-05
_l2021-10-05
_kВК
999 _d150027